Statistics for Famous Firsts #1

Click here to take the quiz!

General Stats

  • This quiz has been taken 30,517 times
    (14,961 since last reset)
  • The average score is 15 of 25

Answer Stats

First... Answer % Correct
U.S. PresidentGeorge Washington
98%
Person to walk on the moonNeil Armstrong
97%
Greek letterAlpha
96%
Person in the BibleAdam
89%
Book of the BibleGenesis
85%
Female Prime Minister of the UKMargaret Thatcher
85%
Person to sail from Europe
to the Caribbean
Christopher
Columbus
73%
Actor to portray James BondSean Connery
69%
Artificial satellite to orbit EarthSputnik 1
67%
City of 5,000,000 inhabitantsLondon
65%
Person to see the moons of JupiterGalileo
60%
European to discover HawaiiJames Cook
59%
Roman EmperorAugustus
56%
City of 1,000,000 inhabitantsRome
56%
Person to climb Mt. EverestEdmund Hillary
55%
Person to orbit EarthYuri Gagarin
54%
PopeSt. Peter
51%
Mickey Mouse cartoon to
be distributed
{Steamboat} Willie
48%
Person to fly non-stop from
NYC to Paris
Charles Lindbergh
47%
Person to sail from Europe to IndiaVasco da Gama
40%
Person to reach the South PoleRoald Amundsen
37%
Person to climb Mt. EverestTenzing Norgay
36%
"Talkie" movieThe {Jazz} Singer
34%
Person to run a four-minute mileRoger Bannister
31%
Person to break the sound barrierChuck Yeager
26%

Score Distribution

Percentile by Number Answered

Percent of People with Each Score

Your Score History

You have not taken this quiz since the last reset